000
00282nam a22001217a 4500
020
_a
1598293826
082
_a
519.2
100
_a
JOHN D. ENDERLE
245
_a
BASIC PROBABILITY THEORY FOR BIOMEDICAL ENGINEERS
260
_a
USA
_b
MORGAN & CLAYPOOL
_c
2006
300
_a
125
942
_c
BK
999
_c
23293
_d
23293